000 00762nam a2200253 a 4500
001 77518
003 BD-RjUL
005 20211209083000.0
008 201019s19661957enk 00000 eng d
035 _a(BD-RjUL)77743
035 _a864406
040 _aANL
_beng
_dANL
_cBD-RjUL
041 _aeng
082 0 _a822.91
_bBRF 1966
100 1 _aBrowne, E. Martin
_q(Elliott Martin),
_d1900-
_9241856
245 1 0 _aFour modern verse plays /
_cintroduced and edited by E. Martin Browne.
260 _aHarmondsworth, Middlesex :
_bPenguin Books,
_c1957,[reprinted 1966].
300 _a269 p. ;
_c18 cm.
490 0 _aPenguin books ;
_v1253
500 _aPenguin plays.
650 0 _aEnglish drama
_y20th century.
_9241857
942 _2ddc
_cBK
999 _c77518
_d77518